• 首页
  • 本馆介绍
  • 公告通知
  • 最新文献
  • 馆藏检索
  • 电子资源
  • 读者导购
  • 参考咨询
  • 我的图书馆
  • 登录
  • 详细信息显示
  • 放入我的书架
  • 预约/预借图书
  • 作者相关作品
  • 分类相关作品
  • 丛书相关作品
  • 出版社相关作品

书目信息

  • 表格格式
  • 工作单格式
  • 卡片格式
题名:
“十二五”前期价格上涨趋势和主要影响因素研究
    
 
作者: 李朝鲜 著
分册:  
出版信息: 北京   经济科学出版社  2013
页数: 363页
开本: 24cm
丛书名:
单 册:
中图分类: F726
科图分类:
主题词: 物价上涨--研究--中国 , 物价上涨
电子资源:
ISBN: 978-7-5141-4042-2
000 01201nam0 2200253 450
001 523
005 20140909100531.89
010    @a978-7-5141-4042-2@dCNY56.00
100    @a20140117d2013 em y0chiy50 ea
101 0  @achi
102    @aCN@b110000
105    @ay z 000yy
106    @ar
200 1  @a“十二五”前期价格上涨趋势和主要影响因素研究@A“ Shi Er Wu” Qian Qi Jia Ge Shang Zhang Qu Shi He Zhu Yao Ying Xiang Yin Su Yan Jiu@f李朝鲜等著@FLi Chao Xian Deng Zhu
210    @a北京@c经济科学出版社@d2013
215    @a363页@d24cm
300    @a北京市属高等学校人才强教深化计划项目(PHR20090505) 北京市属高等学校创新团队建设与教师职业发展计划项目——价格波动研究创新团队:价格波动研究(IDHT20130505) 科研基地-科技创新平台-北京价格波动研究基地建设(PXM2012-014213-000024) 国家社科基金重点项目:(11AJY009)
330    @a本书从宏观层面深入透彻地研究了“十二五”前期我国物价波动的总动因、传导机制、影响因素及发展趋势,且对当前我国学者较为关注和百姓密切关心的热点领域作为典型市场进行了重点分析。
606 0  @a物价上涨@x研究@y中国
606 0  @a物价上涨
690    @aF726@v5
701  0 @a李朝鲜@ALi Chao Xian@f(1958~)@4著
801  0 @aCN@bTANGWEI@c20140603
905    @b0840695-97@dF726@e74@f3
    
    “十二五”前期价格上涨趋势和主要影响因素研究/李朝鲜等著.-北京:经济科学出版社,2013
    363页;24cm
    北京市属高等学校人才强教深化计划项目(PHR20090505) 北京市属高等学校创新团队建设与教师职业发展计划项目——价格波动研究创新团队:价格波动研究(IDHT20130505) 科研基地-科技创新平台-北京价格波动研究基地建设(PXM2012-014213-000024) 国家社科基金重点项目:(11AJY009)
    
    ISBN 978-7-5141-4042-2:CNY56.00
    本书从宏观层面深入透彻地研究了“十二五”前期我国物价波动的总动因、传导机制、影响因素及发展趋势,且对当前我国学者较为关注和百姓密切关心的热点领域作为典型市场进行了重点分析。
●
相关链接 在E读中查询图书 在五车中查询图书 在当当中查询图书 在豆瓣中查询图书


正题名:"十二五"前期价格上涨趋势和主要影响因素研究     索取号:F726/74         预约/预借

序号 登录号 条形码 馆藏地/架位号 状态 备注
1 0840695   208406955   第一样本阅览室/ [索取号:F726/74] 在馆    
2 0840696   208406964   密集书库-海洋学院/ [索取号:F726/74] 在馆    
3 0840697   208406973   第一借阅区/ [索取号:F726/74] 在馆    
唐山师范学院图书馆 欢迎您!
大连网信软件有限公司© 版权所有